Grandes civilizaciones [ (Record no. 86243)
[ view plain ]
| 000 -LEADER | |
|---|---|
| campo de control de longitud fija | 01173nmm a2200205 i 4500 |
| 001 - NÚMERO DE CONTROL | |
| campo de control | 86243 |
| 003 - IDENTIFICADOR DE NÚMERO DE CONTROL | |
| campo de control | ES-MaACL |
| 005 - FECHA Y HORA DE LA ÚLTIMA TRANSACCIÓN | |
| campo de control | 20230906175414.0 |
| 007 - CAMPO FIJO DE DESCRIPCIÓN FÍSICA--INFORMACIÓN GENERAL | |
| campo de control de longitud fija | t| |
| 008 - DATOS DE LONGITUD FIJA--INFORMACIÓN GENERAL | |
| campo de control de longitud fija | 041220s2003 sp | | 001 0 spa d |
| 020 ## - NÚMERO INTERNACIONAL ESTÁNDAR DEL LIBRO | |
| Número Internacional Estándar del Libro | 84-95170-16-7 |
| 080 ## - NÚMERO DE LA CLASIFICACIÓN DECIMAL UNIVERSAL | |
| Número de la Clasificación Decimal Universal | 930.85(086) |
| 245 00 - MENCIÓN DEL TÍTULO | |
| Título | Grandes civilizaciones [ |
| Medio | Recurso electrónico]. |
| 260 ## - PUBLICACIÓN, DISTRIBUCIÓN, ETC. | |
| Lugar de publicación, distribución, etc. | Madrid : |
| Nombre del editor, distribuidor, etc. | Dolmen, |
| Fecha de publicación, distribución, etc. | [2003] |
| 300 ## - DESCRIPCIÓN FÍSICA | |
| Extensión | 12 discos compactos (CD-ROM) : |
| Otras características físicas | son., col. ; |
| Dimensiones | 12 cm. |
| 500 ## - NOTA GENERAL | |
| Nota general | Requerimientos mínimos: PcPentium II a 200 Mhz, 64 Mb de RAM, tarjeta gráfica de 4 Mb y monitor (1024 x 768 , 16 bits), CD-Rom 16x o superiores. Tarjeta de sonido. Sistema operativo Windows 95 o superior. Compatible con reproductor DVD con lector VCD. |
| 505 8# - NOTA DE CONTENIDO CON FORMATO | |
| Nota de contenido con formato | Contiene: 1. Alborear humano - 2. Tierra de faraones - 3. El esplendor griego - 4. La China milenaria - 5. La gloria de Roma - 6. El poder de la cruz - 7. La India, paraíso de los mil dioses - 8. Revelación islámica - 9. Los hijos de Abraham - 10. América: mundo nuevo en escena - 11. Los olvidados: África y Oceanía - 12. La revelación del sol naciente |
| 650 #4 - PUNTO DE ACCESO ADICIONAL DE MATERIA--TÉRMINO DE MATERIA | |
| Término de materia o nombre geográfico como elemento de entrada | Civilización- |
| Subdivisión de forma | Historia- |
| -- | CD-ROM. |
| 9 (RLIN) | 11083 |
| 852 ## - LOCALIZACIÓN | |
| Ubicación | ES-MaACL |
| Número de control de estantería | ROT 1/7/1-12 |
| Estatus retirado | Estado de pérdida | Estado de daño | No para préstamo | Biblioteca de origen | Biblioteca actual | Ubicación en estantería | Fecha de adquisición | Fuente de adquisición | Total de préstamos | Signatura topográfica completa | Código de barras | Visto por última vez | Precio de reemplazo | Tipo de ítem Koha |
|---|---|---|---|---|---|---|---|---|---|---|---|---|---|---|
| Biblioteca del Ateneo de Madrid | Biblioteca del Ateneo de Madrid | Depósito | 17/01/2008 | ROT 1/7/1-12 | 1090112 | 23/02/2023 | 23/02/2023 | Archivo de ordenador en CD-ROM, CD o disquete |
